000 00294nam a2200121Ia 4500
008 241028s9999 xx 000 0 und d
041 _aeng
082 _a658.3 AUG
100 _aAguinis, Herma
245 _aPeformance Management
260 _bSage Pub
_aChicago
_c2019
300 _a381;. P. 23 Cm
999 _c43115
_d43115